| 000 | 00356nam a2200133Ia 4500 | ||
|---|---|---|---|
| 008 | 220204s9999 xx 000 0 und d | ||
| 082 |
_a338.43.01 _bEPP |
||
| 100 | _aEpp, Donald J | ||
| 245 | 0 | _aIntroduction to agricultural economics | |
| 260 |
_aNew York _bMacmillan _c1981 |
||
| 650 | _aAgricultural economics | ||
| 700 | _aMalone, John W | ||
| 942 | _cBK | ||
| 999 |
_c37134 _d37134 |
||